A sportturizmus gazdasági és társadalmi hatásai Budapesten
| Szerző: | |
|---|---|
| További közreműködők: | |
| Dokumentumtípus: | Diplomadolgozat |
| Kulcsszavak: | Budapesti sportesemények gazdasági hatások NN City Run sportesemények sportturizmus társadalmi hatások |
| Online Access: | http://dolgozattar.uni-bge.hu/59872 |
MARC
| LEADER | 00000nta a2200000 i 4500 | ||
|---|---|---|---|
| 001 | dolg59872 | ||
| 005 | 20260409145659.0 | ||
| 008 | 260409suuuu hu om 000 hun d | ||
| 040 | |a BGE Dolgozattár Repozitórium |b hun | ||
| 041 | |a hu | ||
| 100 | 1 | |a Ivácson Henriett Beatrix | |
| 245 | 1 | 2 | |a A sportturizmus gazdasági és társadalmi hatásai Budapesten |c Ivácson Henriett Beatrix |h [elektronikus dokumentum] |
| 520 | 3 | |a A szakdolgozat célja a sportturizmus gazdasági és társadalmi hatásainak vizsgálata Budapestre vonatkozóan, különös figyelmet fordítva az elmúlt évek legnépszerűbb sporteseményeire. A kutatás bemutatja e rendezvények hatását a helyi gazdaságra, vendéglátásra, turizmusra, valamint a közösségi kohézióra. A kvalitatív kutatás célja a sportesemények szervezésével kapcsolatos tapasztalatok és döntéshozatali folyamatok mélyebb megértése volt, különösen az NN Ultrabalaton és az NN City Run futóversenyek példáján keresztül. A dolgozat kitér a rendezvények fejlődésére, szervezési sajátosságaira, marketingstratégiáira, zöld törekvéseire, valamint társadalmi és gazdasági hatásaikra. | |
| 695 | |a Budapesti sportesemények | ||
| 695 | |a gazdasági hatások | ||
| 695 | |a NN City Run | ||
| 695 | |a sportesemények | ||
| 695 | |a sportturizmus | ||
| 695 | |a társadalmi hatások | ||
| 700 | 1 | |a Egedy Dr. Tamás |e ths | |
| 856 | 4 | 0 | |u http://dolgozattar.uni-bge.hu/59872/1/A%20sportturizmus%20gazdas%C3%A1gi%20%C3%A9s%20t%C3%A1rsadalmi%20hat%C3%A1sai%20Budapesten3.pdf |z Dokumentum-elérés |
| 856 | 4 | 0 | |u http://dolgozattar.uni-bge.hu/59872/2/Iv%C3%A1cson_Henriette_opponens_Egedy_Tamas.pdf |z Dokumentum-elérés |
| 856 | 4 | 0 | |u http://dolgozattar.uni-bge.hu/59872/3/Bi%3Fra%3Flati%20lap_BSc_Iva%3Fcson%20%20Henriett%20Beatrix_HNV0XM.pdf |z Dokumentum-elérés |